| 000 | 00593nam a2200193Ia 4500 | ||
|---|---|---|---|
| 005 | 20250923144611.0 | ||
| 008 | 008 250917s9999 xx 000 0 eng d | ||
| 037 | _aTextual | ||
| 040 |
_aDSWL _beng _cDSWL |
||
| 041 |
_aeng _2eng |
||
| 084 |
_aYXp2,N20, N24 _qDSWL |
||
| 245 | 0 | _aReport, proceddings & papers submitted to the conference : Servants of India Society Bombay (4th Session) | |
| 260 |
_aBombay _b Servants of India Society _c1924 |
||
| 300 | _aiv,229p. | ||
| 365 |
_aINR _b20 |
||
| 925 | _g20 | ||
| 942 |
_cTEXL _hYXp2,N20, N24 |
||
| 999 |
_c1440999 _d1440999 |
||